000 00410nam a22001457a 4500
005 20171024112716.0
008 171024b xxu||||| |||| 00| 0 eng d
020 _a0520079728
040 _cPK-LaUMT
082 _aPKAC 128.3
_bMOD-
245 _aModernity and the hegemony of vision/
_cDavid Michael Levin(Edit)
260 _aBerkeley:
_bUniversity of California press,
_c1993
300 _a408 p.
942 _cBK
999 _c99462
_d99462